000 00698nam a2200289Ia 4500
005 20260324122936.0
008 008 260324s9999 xx 000 0 eng d
020 _a9780203814963
037 _aEBOOK
040 _aCRL
040 _beng
040 _cCRL
041 _2eng
041 _aeng
084 _qCRL
100 _aAmy Fried
_91168423
245 0 _aPathways to Polling
245 0 _bCrisis, Cooperation and the Making of Public Opinion Professions
260 _bTaylor and Francis
260 _c2012
365 _a
365 _b255
856 _uhttp://www.taylorfrancis.com/books/9780203814963
942 _cEBOOK
999 _c1761517
_d1761517